000 00491nam a2200181Ia 4500
001 20797
005 20260306172832.0
008 260306t2022||||xx |||||||||||||| ||spa||
041 _aESP
082 _a343.8
_bB114
100 _aBahamonde Quinteros, Mery
_eAUT
245 0 _aGuía práctica para evitar reparos del IR / Guía práctica para evitar reparos del IGV
260 _c2022
300 _a64 páginas :
_c24 cm.
650 _aGEN
654 _aCCO
942 _cLIB
_dJUS
_fJUS
_2ddc
_n
999 _c20797
_d20797